000 02393nam1a2200349 i 4500
001 RU\NLR\BIBL_A\012343397
005 20241104065436.0
010 _a9785742268468
035 _a(NLR Aleph) 012343397
090 _a11527376
_c11527376
100 _a20200923g20209999u y0rusy50 ca
101 0 _arus
102 _aRU
105 _a||||j||||||||
181 0 _ai
_baxxe
182 0 _an
200 1 _aАвтоматизация машиностроительного проектирования в САПР КОМПАС-3D
_eучебное пособие для реализации основных профессиональных образовательных программ по направлениям подготовки бакалавров 15.03.01 Машиностроение, 15.03.05 Конструкторско-технологическое обеспечение машиностроительных производств
_fС.В. Мещеряков, Н.А. Солодилова
_gМинистерство науки и высшего образования Российской Федерации, Санкт-Петербургский политехнический университет Петра Великого, [Институт металлургии, машиностроения и транспорта]
203 _aТекст
_bвизуальный
_cнепосредственный
205 _a3-е изд., перераб. и доп.
210 _aСанкт-Петербург
_cПолитех-Пресс
_d2020
215 _d20
313 _aПред. изд. нет.
606 _aКОМПАС-3D, система автоматизированного проектирования
_jУчебные издания для высших учебных заведений
_92351087
_3RU\NLR\AUTH\661404608
606 _aДетали машин
_jУчебные издания для высших учебных заведений
_xПроектирование на компьютерах
_92407666
_3RU\NLR\AUTH\6601654061
686 1 _aК42-5-05я73-1
700 1 _aМещеряков
_bС.В.
_gСергей Владимирович
701 1 _aСолодилова
_bН. А.
_gНаталья Алексеевна
852 _aNLR
_b2020-3/13719
942 _cBOOK
980 _aNBR